Online
Catalog

Enriquillo o el germen de la teoría moderna del derecho de gentes / (Record no. 29778)

MARC details
000 -CABECERA
campo de control de longitud fija 00949nam a2200241 a 4500
001 - NÚMERO DE CONTROL
campo de control 000030286
003 - IDENTIFICADOR DEL NÚMERO DE CONTROL
campo de control OSt
005 - FECHA Y HORA DE LA ÚLTIMA TRANSACCIÓN
campo de control 20240409123744.0
008 - DATOS DE LONGITUD FIJA--INFORMACIÓN GENERAL
campo de control de longitud fija 110509s1937 dr r 000 0 spa d
040 ## - FUENTE DE LA CATALOGACIÓN
Centro catalogador/agencia de origen DO-SdBNP
Lengua de catalogación spa
Centro/agencia transcriptor BNPHU
082 #4 - NÚMERO DE LA CLASIFICACIÓN DECIMAL DEWEY
Número de clasificación 972.9304
Número de documento/Ítem P349e
Número de edición 22
100 1# - ENTRADA PRINCIPAL--NOMBRE DE PERSONA
Nombre de persona Peña Batlle, Manuel A.
9 (RLIN) 54091
245 10 - MENCIÓN DE TÍTULO
Título Enriquillo o el germen de la teoría moderna del derecho de gentes /
Mención de responsabilidad, etc. Manuel A. Peña Batlle.
260 ## - PUBLICACIÓN, DISTRIBUCIÓN, ETC.
Lugar de publicación, distribución, etc. Ciudad Trujillo, República Dominicana :
Nombre del editor, distribuidor, etc. Imprenta J. R. vda. García, Sucesores,
Fecha de publicación, distribución, etc. 1937.
300 ## - DESCRIPCIÓN FÍSICA
Extensión 33 p. ;
Dimensiones 22 cm.
500 ## - NOTA GENERAL
Nota general (Extr."Clío", Academia Dominicana de la Historia, enero-febrero 1937)
500 ## - NOTA GENERAL
Nota general Incluye referencias bibliográficas y notas al pie de las páginas
590 ## - NOTA LOCAL (RLIN)
Nota local Inventariado, 2018/LP
600 #0 - PUNTO DE ACCESO ADICIONAL DE MATERIA--NOMBRE DE PERSONA
Nombre de persona ENRIQUILLO
Títulos y otros términos asociados al nombre CACIQUE
Fechas asociadas al nombre ¿-1535
9 (RLIN) 14941
651 #0 - PUNTO DE ACCESO ADICIONAL DE MATERIA--NOMBRE GEOGRÁFICO
Nombre geográfico República Dominicana --
Subdivisión general Historia --
Subdivisión cronológica Hasta, 1844
9 (RLIN) 138
910 ## - DATOS DE OPCIÓN DEL USUARIO (OCLC)
Datos de opción del usuario Validado. Control de calidad MFF
942 ## - ELEMENTOS DE PUNTO DE ACCESO ADICIONAL (KOHA)
Fuente del sistema de clasificación o colocación Dewey Decimal Classification
Tipo de ítem Koha Libro
Holdings
Estado de retiro Estado de pérdida Fuente del sistema de clasificación o colocación Restricciones de uso No para préstamo Código de colección Localización permanente Ubicación/localización actual Ubicación en estantería Fecha de adquisición Total de préstamos Signatura topográfica completa Código de barras Fecha visto por última vez Número de copia Precio válido a partir de Tipo de ítem Koha Nota pública
    Dewey Decimal Classification Préstamo en sala   Raros y valiosos Biblioteca Nacional Pedro Henríquez Ureña Patrimonio Dominicano Depósito 15.06.2011   BNPHU DS-RV-F 972.9304 P349e 30286-30 25.06.2020 e. 3 25.06.2020 Folleto Inventariado, 2019/BT/Validado, 2020/MFF
    Dewey Decimal Classification   Excluido de préstamo Raros y valiosos Biblioteca Nacional Pedro Henríquez Ureña Patrimonio Dominicano Depósito 09.05.2011   BNPHU PD-RV-F 972.9304 P349e 30286-10 25.06.2020   25.06.2020 Folleto Perteneció a la biblioteca personal de Martínez Boog.
    Dewey Decimal Classification   Excluido de préstamo Raros y valiosos Biblioteca Nacional Pedro Henríquez Ureña Patrimonio Dominicano Depósito 14.06.2011   BNPHU PD-RV-F 972.9304 P349e 30286-20 25.06.2020 e. 2 25.06.2020 Folleto Perteneció a la biblioteca personal de Carlos Larrazábal Blanco.

Powered by Koha